Praktické spôsoby biologickej ochrany zeleniny a ovocia

Bibliographic Details
Main Author: Horniak, Viliam (Author)
Format: Article
Language:Slovak
PhysicalDescription:Fotogr. 1
ISSN:0862-5565
Subjects:

MARC

LEADER 00000nab a2200000 a 4500
001 vtls000524313
003 SK-MaSNL
005 20260304035010.0
008 120928c1994 xo 0 slo
015 |a SNBRB19rr/mm-uuuuu 
035 |a CL0524451 
040 |a SNKBUCL  |b slo  |c SNKBUCL  |e AACR2 
041 0 |a slo 
044 |a xo  |c SK 
080 |a 635.1/.8:632.937  |2 1981 
080 |a 632.937  |2 1981 
080 |a 634  |2 1981 
100 1 |a Horniak, Viliam  |4 aut  |9 6005 
245 1 0 |a Praktické spôsoby biologickej ochrany zeleniny a ovocia  |c Viliam Horniak 
300 |b Fotogr. 1 
650 0 7 |a zeleninárstvo  |2 snkbucl  |9 18424 
650 0 7 |a ovocinárstvo  |2 snkbucl  |9 16370 
650 0 7 |a biologická ochrana rastlín  |2 snkbucl  |9 224755 
655 7 |a články z novín a časopisov  |2 snkbucl  |9 267496 
773 0 |t Záhradkár  |g Roč. 30, č. 7 (1994), s. 40-41  |x 0862-5565 
850 |a Slovenská národná knižnica v Martine  |a MTA001 
852 |a SNK  |b KIS3GCP 
958 |a RK 
992 |a RBX 
999 |c 2655824  |d 2657754